01686nam a22001577a 450000500170000000800410001704000080005804100070006608200120007310000790008524500940016426000320025830000070029052009450029765002860124220161212103940.0161212b xxu||||| |||| 00| 0 eng d aANE aEs aTV-4632 aRodríguez, Jorgeecoordinador nacional de la Comisión Anticorrupción aJorge Rodríguez: ninguna institución entrega documentación por temor a represalias  aQuitobEcuavisac2016-12-09 ap. aEl coordinador nacional de la Comisión Anticorrupción, Jorge Rodríguez, al comentar la Convención de las Naciones Unidas contra la Corrupción, dijo que en Ecuador se vive una realidad distinta a la que plantea las Naciones Unidas al mundo. "En Ecuador no hay ningún organismo del sector público que tenga independencia, y el ente encargado de esa lucha, el Consejo de Participación Ciudadana ha olvidado esa atribución que le otorga la propia Constitución de la República". Refirió que los grupos sociales que están dolidos por lo que pasa en el país y ante la falta de una verdadera lucha contra la corrupción, se organizaron y decidieron conformar la Comisión Anticorrupción para que se cumpla lo establecido en la Constitución. Lamento que en la actualidad no hay una institución pública que se atreva a entregar documentación porque tiene el miedo de que dé más arriba les halen las orejas. aincumplimiento Ley/Comisión Anticorrupción/Ecuavisa/Convención Naciones Unidas/contra Corrupción/no cumple Ecuador/sector público no independencia/Consejo Participación Ciudadana/Constitución República/ institución pública/atreva entregar documentación/temor/